<?xml version="1.0" encoding="UTF-8"?>
<collection xmlns="http://www.loc.gov/MARC21/slim">
 <record>
  <leader>00463nam a22001811a 4500</leader>
  <controlfield tag="001">000038014</controlfield>
  <controlfield tag="003">14309</controlfield>
  <controlfield tag="005">20160412021212.0</controlfield>
  <controlfield tag="008">160412s1988                  000</controlfield>
  <datafield tag="082" ind1=" " ind2=" ">
   <subfield code="a">4A(07)1530</subfield>
  </datafield>
  <datafield tag="245" ind1=" " ind2=" ">
   <subfield code="a">Evalution, curriculum ranewal and teacher development</subfield>
   <subfield code="c">Angela Scarino</subfield>
  </datafield>
  <datafield tag="260" ind1=" " ind2=" ">
   <subfield code="c">1988</subfield>
  </datafield>
  <datafield tag="OWN" ind1=" " ind2=" ">
   <subfield code="a">LNN</subfield>
  </datafield>
  <datafield tag="999" ind1=" " ind2=" ">
   <subfield code="a">From the UDN01</subfield>
  </datafield>
  <datafield tag="TYP" ind1=" " ind2=" ">
   <subfield code="a">Monograph</subfield>
  </datafield>
  <datafield tag="980" ind1=" " ind2=" ">
   <subfield code="a">Mạng thư viện Đại học Đà Nẵng</subfield>
  </datafield>
 </record>
</collection>
